000 01032cam a2200337 4500
008 090401t1991 xxu||||| |||| 00| 0 eng d
020 _a0333570502
035 _a(Sirsi) u57805
041 _aeng
050 _a333.00285
100 _aHargitay, Stephen
245 _aSoftware selection for surveyors: a guide and directory for surveyors in general practice.
260 _aBasingstoke
_bMacMillan
_c1991
300 _axiii,117p. ; 24cm.
350 _a25
520 _aPublication project initiated by the CPD Group, General Practice Division of the RICS.
650 _aDATABASES
650 _aESTATE AGENCY
650 _aGENERAL PRACTICE
650 _aMARKETING
650 _aProperty management
_96262
650 _aSOFTWARE
650 _aSPREADSHEETS
650 _aSURVEYORS
650 _aValuation
_96273
690 _aMANAGEMENT-BUSINESS MANAGEMENT-PROFESSIONAL PRACTICE
700 _aDixon, Timothy
710 _aRoyal Institution of Chartered Surveyors
_94900
942 _n0
948 _c04/03/1997
999 _c93976
_d93976